<?xml version="1.0" encoding="UTF-8"?>
<collection xmlns="http://www.loc.gov/MARC21/slim">
 <record>
  <leader>00787cam a2200253 7i4500</leader>
  <controlfield tag="001">0000010945</controlfield>
  <controlfield tag="005">20150325090000.0</controlfield>
  <controlfield tag="003">  iicp-my</controlfield>
  <controlfield tag="005">  20040210154700.0</controlfield>
  <controlfield tag="008">040210                       000 0 eng d</controlfield>
  <datafield tag="020" ind1=" " ind2=" ">
   <subfield code="a">0194230643 </subfield>
  </datafield>
  <datafield tag="039" ind1=" " ind2="9">
   <subfield code="y">200402101547</subfield>
   <subfield code="z">muna</subfield>
  </datafield>
  <datafield tag="090" ind1="0" ind2="0">
   <subfield code="a">F </subfield>
   <subfield code="b">OXF</subfield>
  </datafield>
  <datafield tag="100" ind1="1" ind2=" ">
   <subfield code="a">Hardy, Thomas </subfield>
  </datafield>
  <datafield tag="245" ind1="0" ind2="0">
   <subfield code="a">Far from the madding crowd  </subfield>
   <subfield code="c">by Thomas Hardy ; retold by Clare West..</subfield>
  </datafield>
  <datafield tag="260" ind1=" " ind2=" ">
   <subfield code="a">New York: </subfield>
   <subfield code="b">Oxford, </subfield>
   <subfield code="c">2000..</subfield>
  </datafield>
  <datafield tag="300" ind1=" " ind2=" ">
   <subfield code="a">p.: </subfield>
   <subfield code="b">ill.; </subfield>
   <subfield code="c">cm..</subfield>
  </datafield>
  <datafield tag="490" ind1="0" ind2=" ">
   <subfield code="a">Oxford Bookworms Library 5</subfield>
  </datafield>
  <datafield tag="650" ind1=" " ind2="0">
   <subfield code="a">Farm life -- </subfield>
   <subfield code="x">Fiction. </subfield>
  </datafield>
  <datafield tag="650" ind1=" " ind2="0">
   <subfield code="a">Women farmers -- </subfield>
   <subfield code="x">Fiction. </subfield>
  </datafield>
  <datafield tag="650" ind1=" " ind2="0">
   <subfield code="a">Triangles (Interpersonal relations) -- </subfield>
   <subfield code="x">Fiction. </subfield>
  </datafield>
  <datafield tag="651" ind1=" " ind2="0">
   <subfield code="a">Wessex (England) -- </subfield>
   <subfield code="x">Fiction. </subfield>
  </datafield>
  <datafield tag="700" ind1=" " ind2=" ">
   <subfield code="a">West, Clare </subfield>
  </datafield>
  <datafield tag="999" ind1=" " ind2=" ">
   <subfield code="a">1000018629</subfield>
   <subfield code="b">Book</subfield>
   <subfield code="c">Open Shelf</subfield>
  </datafield>
 </record>
</collection>
